000 00215nam a22000857a 4500
008 170619b xxu||||| |||| 00| 0 eng d
100 _93503
_aTravers. P. L
245 _aMarry popins
260 _aU. S. A
_bHarper Press
_c1996
999 _c6887
_d6887